• 首页
  • 本馆介绍
  • 公告通知
  • 最新文献
  • 馆藏检索
  • 电子资源
  • 读者导购
  • 参考咨询
  • 我的图书馆
  • 登录
  • 详细信息显示
  • 放入我的书架
  • 预约/预借图书
  • 作者相关作品
  • 分类相关作品
  • 丛书相关作品
  • 出版社相关作品

书目信息

  • 表格格式
  • 工作单格式
  • 卡片格式
题名:
电子技术基础
    
 
作者: 康华光 主编
分册: 上册  
出版信息: 北京   人民教育出版社  1982
页数: 694页
开本: 21cm
丛书名:
单 册:
中图分类: TN101
科图分类:
主题词: 真空电子技术 , 电子技术
电子资源:
ISBN:
000 00704nam0 2200265 45
001 0182006499
005 20060511143616.26
010    @dCNY2.25
091    @a15012.0440
100    @a19950614d1982 em y0chiy0121 ea
101 0  @achi
102    @aCN@b110000
105    @ay z 000yy
200 10 @a电子技术基础@Adian zi ji shu ji chu@h上册@f康华光主编@Fkang hua guang zhu bian
205    @a2版
210    @a北京@c人民教育出版社@d1982
215    @a694页@d21cm
300    @a高等学校教材
606 0  @a真空电子技术
606    @a电子技术
690    @aTN101@v4
701  0 @a康华光@Akang hua guang@4主编
801  0 @aCN@b上海图书馆@c20060511
801  2 @aCN@bNLC@c20060110
905    @dTN101@e15:1=2
    
    电子技术基础.上册/康华光主编.-2版.-北京:人民教育出版社,1982
    694页;21cm
    高等学校教材
    
    ISBN :CNY2.25
    
●
相关链接 在E读中查询图书 在五车中查询图书 在当当中查询图书 在豆瓣中查询图书


正题名:电子技术基础     索取号:TN101/15:1=2         预约/预借

序号 登录号 条形码 馆藏地/架位号 状态 备注
1 0154974   202324350   密集书库/ [索取号:TN101/15:1=2] 在馆    
2 0158425   001348269   密集书库/ [索取号:TN101/15:1=2] 在馆    
3 0158426   001348820   第三借阅区/ [索取号:TN101/15:1=2] 在馆    
4 0158427   202171504   密集书库/ [索取号:TN101/15:1=2] 在馆    
唐山师范学院图书馆 欢迎您!
大连网信软件有限公司© 版权所有